| 000 | 00535nam a2200229Ia 4500 | ||
|---|---|---|---|
| 001 | 13900 | ||
| 003 | GE_BSU | ||
| 008 | 181216s||||||||xx |||||||||||||| ||und|| | ||
| 020 | _a0002121883 | ||
| 040 | _cGE_BSU | ||
| 080 | _a581.6(075) | ||
| 100 | _aMcClintock,David. | ||
| 245 | 4 | _aThe pocket guide to wild flowers. | |
| 245 | _cAssisted by Francis Rose. | ||
| 260 | _aLondon. | ||
| 260 | _bCollins. | ||
| 260 | _c1971 | ||
| 300 | _a339p;20cm. | ||
| 300 | _bill. | ||
| 653 | _aThe pocket guide to wild flowers. | ||
| 942 | _cBK | ||
| 999 |
_c47044 _d47044 |
||